[Event "Lippe Cup 05th"]
[Site "Lieme"]
[Date "2008.09.28"]
[Round "5"]
[White "Lange, Dominik"]
[Black "Kirchner, Martin"]
[Result "0-1"]
[WhiteElo "1153"]
[BlackElo "1319"]
[PlyCount "50"]
[EventDate "2008.09.26"]
[EventType "swiss"]
[EventRounds "5"]
[EventCountry "GER"]
[SourceTitle "EXT 2012"]
[Source "ChessBase"]
[SourceDate "2011.11.24"]
[SourceVersion "1"]
[SourceVersionDate "2011.11.24"]
[SourceQuality "1"]

1. e4 c5 2. Nf3 d6 3. d4 cxd4 4. Nxd4 Nf6 5. Nc3 g6 6. f4 Bg7 7. Be3 Ng4 8. Qf3 Nxe3 9. Qxe3 Qb6 10. Bb5+ Nd7 11. Nce2 e5 12. fxe5 dxe5 13. Bxd7+ Bxd7 14. 0-0-0 exd4 15. Nxd4 0-0 16. Qd3 Rae8 17. b3 Re7 18. Rhe1 Rfe8 19. Nf3 Bc6 20. Nd2 Bb5 21. Qg3 Qa5 22. a4 Bc6 23. h4 b5 24. h5 bxa4 25. bxa4 Qc3 0-1

[Event "Lippe Cup 05th"]
[Site "Lieme"]
[Date "2008.09.28"]
[Round "4"]
[White "Roever, Ludwig"]
[Black "Lange, Dominik"]
[Result "1-0"]
[WhiteElo "1700"]
[BlackElo "1153"]
[PlyCount "80"]
[EventDate "2008.09.26"]
[EventType "swiss"]
[EventRounds "5"]
[EventCountry "GER"]
[SourceTitle "EXT 2012"]
[Source "ChessBase"]
[SourceDate "2011.11.24"]
[SourceVersion "1"]
[SourceVersionDate "2011.11.24"]
[SourceQuality "1"]

1. d4 d5 2. Nf3 Nc6 3. h3 e6 4. e3 Nf6 5. c3 a6 6. Nbd2 Be7 7. Bd3 0-0 8. 0-0 Re8 9. b3 Bd6 10. e4 dxe4 11. Nxe4 Nxe4 12. Bxe4 Bd7 13. Bb2 f5 14. Bc2 Ne7 15. Re1 Bc6 16. Rxe6 Qd7 17. Re1 Bxf3 18. Qxf3 c6 19. Rad1 Bc7 20. Re2 Qd6 21. g3 g6 22. Rde1 Qd7 23. Kg2 Nd5 24. c4 Rxe2 25. Qxe2 Nb6 26. a4 Kf7 27. f4 Re8 28. Qxe8+ Qxe8 29. Rxe8 Kxe8 30. Kf3 Kd7 31. Bc3 Nc8 32. a5 Ne7 33. g4 Bd6 34. h4 Ke6 35. Bd2 Kf6 36. Bc3 Ke6 37. Kg3 Kd7 38. Bd2 Ke6 39. Bd3 Kd7 40. b4 Bc7 1-0

[Event "Lippe Cup 05th"]
[Site "Lieme"]
[Date "2008.09.27"]
[Round "3"]
[White "Lange, Dominik"]
[Black "Menze, Gerold"]
[Result "1-0"]
[WhiteElo "1153"]
[BlackElo "1285"]
[PlyCount "82"]
[EventDate "2008.09.26"]
[EventType "swiss"]
[EventRounds "5"]
[EventCountry "GER"]
[SourceTitle "EXT 2012"]
[Source "ChessBase"]
[SourceDate "2011.11.24"]
[SourceVersion "1"]
[SourceVersionDate "2011.11.24"]
[SourceQuality "1"]

1. e4 e5 2. Nc3 Nc6 3. Bc4 Nf6 4. Nf3 h6 5. d4 d6 6. d5 Na5 7. Qd3 Nxc4 8. Qxc4 Bd7 9. Be3 Be7 10. Nb5 c6 11. Nxa7 Rxa7 12. Bxa7 Qa5+ 13. Qc3 Qxa7 14. dxc6 Bxc6 15. Nd2 0-0 16. f3 Nd7 17. a3 f5 18. 0-0-0 Bg5 19. h4 Bf4 20. Kb1 Bxd2 21. Qxd2 Qc5 22. b4 Qd4 23. Qe2 Qa7 24. Kb2 Qb8 25. b5 fxe4 26. fxe4 Nc5 27. bxc6 bxc6+ 28. Ka2 Kh8 29. Rb1 Qc8 30. Rhf1 Qe6+ 31. c4 Rf4 32. Rxf4 exf4 33. Re1 Nd7 34. Rf1 Ne5 35. Kb3 d5 36. exd5 cxd5 37. Rxf4 Qb6+ 38. Kc3 Nxc4 39. Rf8+ Kh7 40. Qd3+ Qg6 41. Qxd5 Ne3 1-0